| Поле | Инд. | ПП | Название | Значение |
|---|---|---|---|---|
| Тип записи | a | |||
| Библиографический уровень | m | |||
| 001 | Контрольный номер | RU/LIBMSTU/283438548 | ||
| 005 | Дата корректировки | 20200909112440.8 | ||
| 008 | Кодируемые данные | 090115|||||||||ru |||||||||||000|||rus|| | ||
| 020 | a | ISBN | 978-5-238-01348-0 | |
| c | Цена, тираж | 250-00 | ||
| 040 | b | Код языка каталог. | rus | |
| 041 | 0_ | a | Код языка текста | rus |
| 084 | a | Индекс другой классификации/Индекс ББК | 67.53 | |
| 090 | a | Полочн. индекс | 67.53 | |
| x | Авторский знак | П 81 | ||
| 100 | 1_ | a | Автор | Прорвич В. А. |
| 245 | 10 | a | Заглавие | Судебно-оценочная экспертиза. Правовые, организационные и научно-методические основы |
| b | Продолж. заглавия | учебное пособие | ||
| 260 | a | Место издания | Москва | |
| b | Издательство | Юнити-Дана | ||
| b | Издательство | Закон и право | ||
| c | Дата издания | 2007 | ||
| 300 | a | Объем | 352 с. | |
| 504 | a | Библиография | Библиогр.: с. 348-349 | |
| 650 | 04 | a | Основная рубрика | Судебно-оценочная экспертиза-Учебные издания для высших учебных заведений |
| 653 | 0_ | a | Ключевые слова | Судебно-оценочная экспертиза |
| 653 | 1_ | a | Ключевые слова | Судопроизводство |
| 653 | 1_ | a | Ключевые слова | Оценочная деятельность |
| 653 | 1_ | a | Ключевые слова | Правовое регулирование оценочной деятельности |
| 653 | 1_ | a | Ключевые слова | Эксперты-оценщики |
| 653 | 1_ | a | Ключевые слова | Судебная экспертиза |
| 901 | t | Тип документа | m | |
| 952 | b | Гриф литературы для ВШ | Рекомендовано УМЦ "Профессиональный учебник" | |
| c | Вид литературы | учебное пособие |